000 00555nam a2200205Ia 4500
003 0100
008 130303s9999 xx 000 0 und d
020 _a0853648301
040 _cARRUPELIB
050 _aBL2400.F39 1999
100 _aFerdinando, Keith
245 4 _aThe Triumph of Christ in African Perspective
245 _ba study of demonology and Redemption in the African Context
260 _bPaternoster
260 _C1999
300 _a450p.
300 _b 22cm
650 _bEnglish fiction--History and criticism
942 _2lcc
_01
999 _c59615
_d59615